| 000 | 00451pab a2200169 454500 | ||
|---|---|---|---|
| 008 | 180718b2010 xxu||||| |||| 00| 0 eng d | ||
| 100 | _aSugarman, Berry | ||
| 245 | _aOrganizational learning and reform at the New York City Police Department | ||
| 260 | _c2010 | ||
| 300 | _ap.157-85. | ||
| 362 | _aJun | ||
| 650 | _aOrganizational change | ||
| 650 | _aPolice | ||
| 773 | _aJournal of Applied Behavioral Science | ||
| 908 | _aN | ||
| 909 | _a86986 | ||
| 999 |
_c86986 _d86986 |
||